03309nam a2200325 i 450000500170000000600190001700700030003600800410003904000250008009000240010510000340012924501740016326000700033730000160040733600210042333700250044433800230046950200980049252018470059070000400243770000320247772000360250972000430254572000390258872000410262794200420266895201280271095201280283899900170296620250917094016.0a|||| r|||| 000 0dta240507s2023 ph a m 000 0deng d aCSPCbengcCSPCerda aUTH BSOA G795l 20231 aGrafil, Angela I., eauthor. 14aThe level of social media dependency and its effect in the academic performance of college students /cAngela I. Grafil, John Vincent I. Ibarlin, and Antonette Infante.  aBuhi, Camarines Sur :bCamarines Sur Polytechnic Colleges,c2023. a88 leaves.  2rdacontentatext 2rdamediaaunmediated 2rdacarrieravolume aUndergraduate Thesis (BSOA)-Office AdministrationcCamarines Sur Polytechnic Colleges, 2023. 3 aThe dependency of students on social media has reached such a level that every student can only think about the direction of their growth with social media. Social media's effect on college student's academic performance has been a topic of interest and debate in recent years. Some studies suggest that excessive social media use can negatively impact academic performance, while others have found no significant correlation between the two. The study explores the demographics and usage patterns of social media among respondents primarily aged 21 and above, predominantly single females at the second-year level. Google, Messenger, YouTube, and Shopee emerged as popular platforms for browsing, messaging, video content, and online shopping. The research also investigates the correlation between social media dependency and various aspects of respondent's lives. Findings suggest a notable association between frequent social media use and behaviors like checking platforms during study sessions, before physical activity, impacting sleep patterns and seeking advice on personal matters. Moreover, the study highlights the adverse effects of social media dependency on academic performance, physical activity, mental health, and personal matters, including sleep deprivation, decreased participation in physical activities, struggles with school activities, and shaping personal identity. It is also evident that high levels of social media dependency are associated with adverse effects on various aspects. While academic performance tends to show a higher impact, all areas exhibit noticeable negative effect to some degree. These conclusions underscore the complex relationship between social media habits and various facets of individuals' lives, signaling both positive and negative impact on their daily functioning and well-being. 1 aIbarlin, John Vincent I., eauthor.1 aInfante, Antonetteeauthor.1 aMarpuri, Jessica C., eadviser.1 aSagala, Marimin N., epanelist, chair.1 aOliveros, Josefin N., epanelist. 1 aManinang, Jeorgette N., epanelist.  2ddcn0cUMhG759l iBSOA kUTH m2024 00102ddc4071aBUHIbBUHIcUTHd2024-05-07l0oUTH BSOA G759l 2023p00079UM-BUHr2024-05-07 00:00:00t1-2w2024-05-07yUM 00102ddc4071aBUHIbBUHIcUTHd2024-05-10l0oUTH BSOA G759l 2023p00097UM-BUHr2024-05-10 00:00:00t2-2w2024-05-10yUM c27566d27566